Krúdy-reneszánsz a Felvidéken

Podrobná bibliografia
Hlavný autor: Vajda, Barnabás, 1970- (Autor)
Médium: Článok
Jazyk:maďarčina
slovenčina
ISSN:1336-5088
Predmet:

MARC

LEADER 00000nab a2200000 ar4500
001 vtls008408591
003 SK-MaSNL
005 20260319071312.0
008 051109c2005 xo |||||||b| |000 b|hun
015 |a SNBRB2005/11  |2 snkbucl 
038 |a SNKBUCL 
040 |a DSZK  |b slo  |c DSZK  |e AACR2 
041 0 |a slo 
044 |a xo  |c SK 
080 |a 82:929:821.511.141  |2 UDC-MRF-SK2 
080 |a 821.511.141:929  |2 UDC-MRF-SK2 
080 |a 929 Krúdy, Gyula  |2 UDC-MRF-SK2 
100 1 |a Vajda, Barnabás,  |d 1970-   |4 aut  |9 101782 
245 1 0 |a Krúdy-reneszánsz a Felvidéken  |c Vajda Barnabás 
504 |a Bibliogr. odkazy 
600 1 7 |a Krúdy, Gyula,  |d 1878-1933   |2 snkbucl  |9 87313 
773 0 |t Irodalmi szemle  |g Évf. XLVIII, sz. 9 (2005), o. 90-94  |x 1336-5088 
852 |a SNK  |b KIS3GCP 
852 |a DSZK  |b KIS3GCP 
958 |a HU 
958 |a SK 
958 |a LX 
958 |a NB 
999 |c 1753926  |d 1755856